MARC

LEADER 00000nam0a2200000 4500
001 331988
005 20250211063210.0
035 |a (RuTPU)RU\TPU\book\357887 
035 |a RU\TPU\book\357886 
090 |a 331988 
100 |a 20170515d1979 k y0rusy5003 ca 
101 0 |a rus 
102 |a RU 
105 |a a z 001zy 
200 1 |a Охрана окружающей среды при работе ТЭС и АЭС  |e тематический сборник  |f Московский энергетический институт (МЭИ) ; под ред. О. И. Мартыновой 
210 |a Москва  |c Изд-во МЭИ  |d 1979 
215 |a 110, 6 с.  |c ил. 
225 1 |a Труды Московского энергетического института (МЭИ)  |v Вып. 435 
320 |a Библиография в конце статей 
500 1 0 |a Труды Московского энергетического института  |9 88841 
606 1 |a Тепловые электрические станции  |x Влияние на окружающую среду  |2 stltpush  |3 (RuTPU)RU\TPU\subj\68929  |9 83992 
606 1 |a Атомные электрические станции  |x Влияние на окружающую среду  |2 stltpush  |3 (RuTPU)RU\TPU\subj\29739  |9 53008 
610 1 |a вредные выбросы 
610 1 |a загрязнения 
610 1 |a атмосфера 
610 1 |a контроль 
610 1 |a автоматизированные системы 
610 1 |a модели 
610 1 |a дымовые газы 
610 1 |a очистка 
610 1 |a тепловые схемы 
610 1 |a аварийное охлаждение 
610 1 |a безопасность 
675 |a 621.311.22:628  |v 3 
675 |a 621.311.25:621.039.58  |v 3 
702 1 |a Мартынова  |b О. И.  |4 340 
712 0 2 |a Московский энергетический институт (МЭИ)  |c (1930-1992)  |3 (RuTPU)RU\TPU\col\20092 
801 0 |a RU  |b 63413507  |c 19950704  |g psbo 
801 1 |a RU  |b 63413507  |c 20070814  |g PSBO 
801 2 |a RU  |b 63413507  |c 20170519  |g PSBO 
942 |c BK